000 00342nam a22001337a 4500
999 _c54896
_d54896
008 190621b ||||| |||| 00| 0 eng d
020 _a9789951678117
041 _aalb
080 _a341
100 _a0
101 _aSHJ
245 _aAdminitrata Publike dhe Kontrolli i saj (Aspekti Krahasimor)
_cBerisha, F & Hajdari, P
942 _2udc
_cBK